Comtes et ducs de Nevers - Statistiques

Statistiques générales
  • Ce quiz a été pris 21 fois
  • Le résultat moyen est 23 sur 47
Statistiques - réponses
Famille/Dynastie Règne Souverain % Correct
1506-1521 Charles II de Clèves
100%
1601-1637 Charles III
100%
1637-1659 Charles IV
100%
1464-1491 Jean III
100%
1384-1404 Jean II sans Peur
100%
Capétiens 1265-1270 Jean Tristan de France
100%
1280-1322 Louis Ier
100%
1322-1346 Louis II
100%
1346-1384 Louis III de Male
100%
Gonzague 1565-1595 Louis IV de Gonzague
100%
Courtenay 1184-1199 Pierre de Courtenay
92%
Valois-Bourgogne 1384-1384 Philippe Ier le Hardi
85%
1404-1415 Philippe II
85%
Dampierre 1272-1280 Robert Ier de Dampierre
77%
1521-1539 François Ier de Clèves
69%
La Marck 1539-1561 François Ier de Clèves
69%
1561-1562 François II de Clèves
69%
1707-1768 François Mancini
69%
Capétiens de Bourgogne 1254-1262 Eudes de Bourgogne
62%
1168-1175 Guy
62%
Mazarin 1659-1661 Jules Mazarin
62%
1040-1083 Guillaume Ier
54%
1097-1147 Guillaume II
54%
1147-1161 Guillaume III
54%
1161-1168 Guillaume IV
54%
1175-1181 Guillaume V
54%
1562-1564 Jacques de Clèves
46%
1384-1384 Marguerite II
46%
Nevers 990-1028 Landry de Nevers
31%
1028-1040 Renaud Ier
23%
1079-1089 Renaud II
23%
1181-1193 Agnès Ière
15%
La Marck 1491-1506 Engilbert de Clèves
15%
Donzy 1199-1222 Hervé de Donzy
15%
927-943 Geoffroy de Nevers
8%
1564-1601 Henriette de Clèves
8%
1199-1257 Mathilde Ière
8%
943-947 Rodolphe
8%
1262-1280 Yolande de Bourgogne
8%
1415-1464 Charles Ier
0%
972-989 Gerberge
0%
Albon 1226-1241 Gigues
0%
1768-1789 Louis-Jules Mancini
0%
Dampierre 1257-1262 Mathilde II
0%
Mancini 1661-1707 Philippe-Julien Mancini
0%
/ 919-926 Seguin Ier
0%
947-966 Seguin II
0%
Aucun quiz correspondant
Distribution des résultats
% des personnes avec chaque résultat
Percentile par nombre de réponses
Votre historique - résultats
Vous n’avez pas pris ce quiz